[Event "Moscow op-B"]
[Site "Moscow"]
[Date "2009.02.08"]
[Round "9"]
[White "Matsokina, Evgenia"]
[Black "Pluzhnik, Mikhail"]
[Result "0-1"]
[WhiteElo "2036"]
[BlackElo "2177"]
[PlyCount "86"]
[EventDate "2009.01.31"]
[EventType "swiss"]
[EventRounds "9"]
[EventCountry "RUS"]
[SourceTitle "EXT 2012"]
[Source "ChessBase"]
[SourceDate "2011.11.24"]
[SourceVersion "1"]
[SourceVersionDate "2011.11.24"]
[SourceQuality "1"]

1. Nf3 Nf6 2. e3 g6 3. c4 Bg7 4. Be2 0-0 5. 0-0 d6 6. Nc3 e5 7. d3 Nc6 8. a3 Bf5 9. Qc2 Re8 10. e4 Bg4 11. Be3 Nh5 12. h3 Be6 13. Nd5 Ne7 14. Ng5 Bxd5 15. cxd5 Nf4 16. Nf3 c6 17. dxc6 Nxc6 18. Rad1 Rc8 19. Qd2 Nxe2+ 20. Qxe2 d5 21. exd5 Qxd5 22. Qd2 Red8 23. Bh6 Nd4 24. Nxd4 Qxd4 25. Bxg7 Kxg7 26. Rfe1 Rc5 27. Re4 Qd6 28. Rh4 h5 29. b4 Rd5 30. Qe3 a6 31. Qg3 Kh7 32. Rc4 b5 33. Rc3 Kg7 34. Rdc1 Qf6 35. Qe3 Rd4 36. Rc6 Qf5 37. Rxa6 Rxd3 38. Qe1 R8d4 39. Ra5 e4 40. a4 Qd7 41. Qe2 Qd6 42. Qb2 Kh6 43. Kf1 Rd1+ 0-1

[Event "Moscow op-B"]
[Site "Moscow"]
[Date "2009.02.07"]
[Round "8"]
[White "Pluzhnik, Mikhail"]
[Black "Fedechkin, Vladimir"]
[Result "0-1"]
[WhiteElo "2177"]
[BlackElo "1976"]
[PlyCount "96"]
[EventDate "2009.01.31"]
[EventType "swiss"]
[EventRounds "9"]
[EventCountry "RUS"]
[SourceTitle "EXT 2012"]
[Source "ChessBase"]
[SourceDate "2011.11.24"]
[SourceVersion "1"]
[SourceVersionDate "2011.11.24"]
[SourceQuality "1"]

1. e4 e6 2. d4 d5 3. e5 c5 4. c3 Qb6 5. Nf3 Bd7 6. Be2 cxd4 7. cxd4 Bb5 8. 0-0 Bxe2 9. Qxe2 Qa6 10. Qd1 Nd7 11. Be3 Rc8 12. Nc3 Ne7 13. Rc1 Nc6 14. Nd2 Qd3 15. Ne2 Be7 16. Nf4 Qa6 17. Qg4 g6 18. a3 0-0 19. Nxe6 Ncxe5 20. dxe5 Qxe6 21. Qxe6 fxe6 22. f4 Bc5 23. Bxc5 Nxc5 24. g3 h6 25. Nf3 Nb3 26. Rce1 Rc2 27. Rf2 Rfc8 28. Ree2 R2c4 29. Re3 Nc5 30. Nd2 Rc1+ 31. Kg2 Rd1 32. Rc3 Rc6 33. Nf3 Ne4 34. Rxc6 bxc6 35. Rc2 c5 36. Nh4 Kf7 37. Kf3 c4 38. Ng2 Nc5 39. Ke2 Rg1 40. Ne1 Rh1 41. Nf3 Nd3 42. Kd2 Nc5 43. Kc3 a5 44. Re2 Ke7 45. Ne1 Kd7 46. Kd4 Kc6 47. Ke3 Rf1 48. Nf3 Kd7 0-1

[Event "Moscow op-B"]
[Site "Moscow"]
[Date "2009.02.06"]
[Round "7"]
[White "Gvilava, Maya"]
[Black "Pluzhnik, Mikhail"]
[Result "0-1"]
[WhiteElo "2052"]
[BlackElo "2177"]
[PlyCount "74"]
[EventDate "2009.01.31"]
[EventType "swiss"]
[EventRounds "9"]
[EventCountry "RUS"]
[SourceTitle "EXT 2012"]
[Source "ChessBase"]
[SourceDate "2011.11.24"]
[SourceVersion "1"]
[SourceVersionDate "2011.11.24"]
[SourceQuality "1"]

1. d4 Nf6 2. c4 g6 3. Nc3 Bg7 4. e4 0-0 5. e5 Ne8 6. Be2 d6 7. exd6 Nxd6 8. Nf3 Nf5 9. d5 c6 10. 0-0 cxd5 11. Nxd5 e6 12. Nf4 Qe7 13. Qc2 Nc6 14. Rd1 Ncd4 15. Nxd4 Nxd4 16. Qe4 Nxe2+ 17. Nxe2 Rd8 18. Re1 Qb4 19. Bg5 f6 20. Be3 e5 21. b3 Bf5 22. Qf3 Rd3 23. a3 Qe7 24. Nc1 Rd7 25. Na2 Rd3 26. Nc1 Rd7 27. Na2 Rd3 28. Nc1 Rd7 29. Ne2 Bc2 30. b4 f5 31. Bc5 Qf7 32. Qc3 Bd3 33. Rac1 b6 34. Be3 f4 35. Bd2 e4 36. Qb3 Bxe2 37. Rxe2 f3 0-1

[Event "Moscow op 03rd"]
[Site "Moscow"]
[Date "2007.02.01"]
[Round "6"]
[White "Pluzhnik, Mikhail"]
[Black "Demianjuk, Alexander"]
[Result "1/2-1/2"]
[WhiteElo "2198"]
[BlackElo "2342"]
[PlyCount "134"]
[EventDate "2007.01.27"]
[EventType "swiss"]
[EventRounds "9"]
[EventCountry "RUS"]
[SourceTitle "CBM 116 Extra"]
[Source "ChessBase"]
[SourceDate "2007.03.07"]
[SourceVersion "1"]
[SourceVersionDate "2007.03.07"]
[SourceQuality "1"]

1. e4 c5 2. Nf3 d6 3. d4 cxd4 4. Nxd4 Nf6 5. Nc3 a6 6. Be3 e5 7. Nb3 Be6 8. Qd2 Be7 9. f3 0-0 10. 0-0-0 Nbd7 11. g4 b5 12. g5 b4 13. Na4 Nh5 14. Rg1 Rb8 15. Kb1 Qc7 16. Nc1 Nc5 17. Nxc5 dxc5 18. b3 Rfd8 19. Qe1 a5 20. Bc4 Bxc4 21. bxc4 Nf4 22. Bxf4 exf4 23. Rd5 a4 24. Qe2 Rxd5 25. exd5 g6 26. h4 Bf8 27. Re1 Qb6 28. Qd3 h6 29. Qe4 hxg5 30. hxg5 b3 31. cxb3 axb3 32. Nxb3 Qb4 33. Re2 Bd6 34. Qc2 Qa4 35. Re4 Qd7 36. Qg2 Qd8 37. Kc2 Be7 38. Rxf4 Bxg5 39. Re4 Bf6 40. Kd3 Kg7 41. Qf2 Qd6 42. Qe3 Qa6 43. Qd2 Rd8 44. Ke3 Qd6 45. f4 Rh8 46. Qg2 Qd7 47. Kd3 Qa4 48. Re3 Rh4 49. Rf3 Qe8 50. Nxc5 Qe7 51. Nb3 Qd7 52. Qe2 Rh1 53. Rf1 Rh3+ 54. Rf3 Rh1 55. Nd4 Qa4 56. Qc2 Qa3+ 57. Nb3 Re1 58. Rf2 Rh1 59. Re2 Qd6 60. Rf2 Qd7 61. Qe2 Qf5+ 62. Ke3 Qb1 63. Qd2 Rh3+ 64. Rf3 Rh1 65. Rf2 Rh3+ 66. Rf3 Rh1 67. Rf2 Rh3+ 1/2-1/2